Представление документа в формате RUSMARC

ПолеНазваниеЗначение
  Тип записи a
  Библиографический уровень a
001 Контрольный номер UONB/MAIN/c6d9c31042724a4f8cd43e7294776150
005 Дата корректировки 20260512151939.7
100 Данные общей обработки __
a Данные общей обработки 20260512 ||| 0rusy0189 ca
101 Язык документа 0_
a Язык текста rus
102 Страна публикации __
a Страна публикации RU
200 Заглавие и сведения об ответственности 1_
a Заглавие Новомалыклинцы продолжают оказывать помощь бойцам СВО
203 Вид содержания и тип средства __
a Вид содержания Текст
b Характеристика содержания визуальный
c Тип средства непосредственный
215 Физическое описание __
c Иллюстрации/тип воспроизводства ил., портр.
330 Аннотация __
a Аннотация В Новомалыклинском районе продолжается отправка гуманитарных грузов участникам СВО.
461 Уровень набора _0
1 2000
a Звезда
463 Уровень физической единицы _0
1 2000
a № 13 (10545) (27 марта)
v С. 8
1 2101
d 2026
1 001UONB/MAIN/04e8a1531a0c477497866f6d966ce120
600 Персоналии _1
a Персоналии (Фамилия) Паротькин
b Персоналии (Имя, инициалы) С. П.
g Полное имя Сергей Павлович
600 Персоналии _1
a Персоналии (Фамилия) Абдрашитов
b Персоналии (Имя, инициалы) Р. З.
g Полное имя Равиль Закиевич
607 Географические рубрики __
a Географическое наименование Новомалыклинский район (Ульяновская область)
610 Ключевые слова 0_
a Ключевые слова гуманитарные грузы; участники СВО
686 Индексы других классификаций __
2 Код системы rubbk
a Классификационный индекс 68.42
801 Источник записи _0
a Страна RU
b Организация Ульяновская ОНБ
c Дата составления 20260512
g Правила каталогизации RCR
801 Источник записи _1
a Страна RU
b Организация Ульяновская ОНБ
c Дата составления 20260512
g Правила каталогизации RCR
901 Тип документа __
t Тип документа f
w Контрольный № источника UONB/MAIN/04e8a1531a0c477497866f6d966ce120
909 Создатель записи __
a Создатель записи Логинова
b Дата создания записи 20260512